000 00803cam a22002177a 4500
020 _a1446295141
020 _a9781446295144
020 _a9781446295151
020 _a144629515X
040 _cYDX
082 0 4 _a519 HAR 1993 C158 Or.
100 1 _aBergin, Tiffany,
245 1 3 _aAn introduction to data analysis :
_bquantitative, qualitative and mixed methods /
260 _aLondon :
_bSAGE Publications,
_c2018.
300 _axviii, 269 pages :
_billustrations ;
_c25 cm
520 8 _aCovering the general process of data analysis to finding, collecting, organizing, and presenting data, this book offers a complete introduction to the fundamentals of data analysis.
650 0 _aMathematical analysis
650 4 _aMathematical analysis
650 7 _aMathematical analysis
942 _cAEDBB
999 _c19030
_d19030